<?xml version="1.0" encoding="UTF-8"?>
<record
    xmlns:xsi="http://www.w3.org/2001/XMLSchema-instance"
    xsi:schemaLocation="http://www.loc.gov/MARC21/slim http://www.loc.gov/standards/marcxml/schema/MARC21slim.xsd"
    xmlns="http://www.loc.gov/MARC21/slim">

  <leader>00648nam a2200169 a 4500</leader>
  <controlfield tag="008">960129s1854||||xx               0  cze c</controlfield>
  <datafield tag="040" ind1=" " ind2=" ">
    <subfield code="a">SNK</subfield>
    <subfield code="b">slo</subfield>
    <subfield code="c">SNK</subfield>
    <subfield code="e">AACR2</subfield>
  </datafield>
  <datafield tag="041" ind1="1" ind2=" ">
    <subfield code="a">cze</subfield>
  </datafield>
  <datafield tag="245" ind1="1" ind2="0">
    <subfield code="a">Do kroku i pro oddech</subfield>
    <subfield code="b">Zp&#x11B;vn&#xED;k lidov&#xFD;ch p&#xED;sn&#xED; pro vojensk&#xE9; a ml&#xE1;de&#x17E;nick&#xE9; soubory, kluby vojskov&#xFD;ch t&#x11B;les a skupiny Svazarmu ; Uspo&#x159;&#xE1;dal a harmonisoval Ji&#x159;&#xED; Adam&#xED;ra</subfield>
  </datafield>
  <datafield tag="260" ind1=" " ind2=" ">
    <subfield code="a">Praha</subfield>
    <subfield code="b">Na&#x161;e vojsko</subfield>
    <subfield code="c">1854</subfield>
    <subfield code="e">S.l.(typ. Na&#x161;e vojsko a Orbis)</subfield>
    <subfield code="f">(typ. Na&#x161;e vojsko a Orbis)</subfield>
  </datafield>
  <datafield tag="300" ind1=" " ind2=" ">
    <subfield code="a">203, [1] s.</subfield>
    <subfield code="c">8&#x159;</subfield>
  </datafield>
  <datafield tag="490" ind1="0" ind2=" ">
    <subfield code="a">Arm&#xE1;d. sout&#x11B;&#x17E; tvo&#x159;ivosti</subfield>
    <subfield code="v">sv. 21</subfield>
  </datafield>
  <datafield tag="700" ind1="1" ind2=" ">
    <subfield code="a">Adam&#xED;ra, Ji&#x159;&#xED;</subfield>
    <subfield code="4">com</subfield>
  </datafield>
  <datafield tag="020" ind1=" " ind2=" ">
    <subfield code="c">16,35</subfield>
  </datafield>
  <datafield tag="044" ind1=" " ind2=" ">
    <subfield code="a">CZ</subfield>
  </datafield>
  <datafield tag="958" ind1=" " ind2=" ">
    <subfield code="a">A</subfield>
  </datafield>
  <datafield tag="999" ind1=" " ind2=" ">
    <subfield code="c">15216</subfield>
    <subfield code="d">15216</subfield>
  </datafield>
  <datafield tag="952" ind1=" " ind2=" ">
    <subfield code="0">0</subfield>
    <subfield code="1">0</subfield>
    <subfield code="4">0</subfield>
    <subfield code="7">0</subfield>
    <subfield code="8">K</subfield>
    <subfield code="a">10000</subfield>
    <subfield code="b">10000</subfield>
    <subfield code="d">2019-11-29</subfield>
    <subfield code="g">16.35</subfield>
    <subfield code="i">14252</subfield>
    <subfield code="o">I 0312</subfield>
    <subfield code="r">2019-11-29</subfield>
    <subfield code="w">2019-11-29</subfield>
    <subfield code="y">OLDO</subfield>
  </datafield>
</record>
